| 000 | 03430cas a2200889 a 4500 | ||
|---|---|---|---|
| 001 | data | ||
| 005 | 20260322212104.0 | ||
| 008 | data | ||
| 010 | _a 00243461 | ||
| 015 |
_a016365917 _2dnb |
||
| 015 |
_a92,A46,0602 _2dnb |
||
| 016 | 7 |
_a016365917 _2DE-101 |
|
| 016 | 7 |
_a1106738-X _2DE-600 |
|
| 016 | 7 |
_a100963897 _2DNLM |
|
| 016 | 7 |
_a009833881 _2Uk |
|
| 019 |
_a1230509524 _a917240237 _a975213704 _a1065268655 _a1230509524 |
||
| 022 |
_a0940-9602 _2j |
||
| 023 | 0 |
_a0940-9602 _2j |
|
| 029 | 0 |
_aNLM _b100963897 |
|
| 029 | 1 |
_aAU@ _b000009174080 |
|
| 029 | 1 |
_aAU@ _b000022027314 |
|
| 029 | 1 |
_aNLGGC _b091975298 |
|
| 029 | 1 |
_aNZ1 _b11153984 |
|
| 029 | 1 |
_aNZ1 _b11687559 |
|
| 029 | 1 |
_aUKMGB _b009833881 |
|
| 035 | _a(OCoLC)45166416 | ||
| 040 |
_aNLM _beng _cNLM _dOCLCQ _dOCLCQ _dMUQ _dNLGGC _dOCLCQ _dGBVCP _dCUS _dOCLCQ _dBUF _dOCLCF _dEUW _dOCLCQ _dDLC _dIUL _dDLC _dUKMGB _dOCLCO _dIUL _dOCLCA _dOCLCO _dOCL _dOCLCQ _dOCLCL _dOCLCQ |
||
| 041 | 0 |
_ager _ager _beng |
|
| 042 | _apcc | ||
| 050 | 0 | 0 |
_aQL801 _b.A5 |
| 060 | 0 | 0 |
_aW1 _bAN207 |
| 210 | 1 | 0 |
_aAnn Anat _2dnlm |
| 222 | 0 | _aAnnals of anatomy | |
| 245 | 0 | 0 |
_aAnnals of anatomy = _bAnatomischer Anzeiger : official organ of the Anatomische Gesellschaft. |
| 246 | 3 | 1 | _aAnatomischer Anzeiger |
| 260 |
_31992-<1996>: _aNew York : _aNew York : _bG. Fischer, _c©1992- |
||
| 260 | 2 |
_3<1999->: _aJena : _bUrban & Fischer |
|
| 260 | 3 |
_3<2013-2017>: _aMunich : _bElsevier |
|
| 300 |
_avolumes : _billustrations (some color) ; _c28 cm |
||
| 310 |
_aSix vols. a year, _b2015-<2017> |
||
| 321 |
_aBimonthly, _b1992- |
||
| 321 |
_aSix no. a year, _b<1996>-2014 |
||
| 336 |
_atext _btxt _2rdacontent |
||
| 337 |
_aunmediated _bn _2rdamedia |
||
| 338 |
_avolume _bnc _2rdacarrier |
||
| 362 | 0 | _aVol. 174, no. 1 (Feb. 1992)- | |
| 500 | _aTitle from cover. | ||
| 510 | 0 | _aChemical abstracts Service (CAS) | |
| 515 | _aSome issues combined. | ||
| 515 | _aIssues for 2015-<2017> lack internal numbering. | ||
| 525 | _aSupplements accompany some vols. | ||
| 546 | _aEnglish and German, with summaries in English. | ||
| 588 | _aLatest issue consulted: Vol. 214 (2017). | ||
| 650 | 0 |
_aAnatomy, Comparative _vPeriodicals. |
|
| 650 | 0 | _aAnatomy. | |
| 650 | 1 | 2 | _aAnatomy |
| 650 | 6 |
_aAnatomie comparée _vPériodiques. |
|
| 650 | 6 | _aAnatomie. | |
| 650 | 7 |
_aanatomy. _2aat |
|
| 650 | 7 |
_aAnatomy. _2fast _0(OCoLC)fst00808440 |
|
| 650 | 7 |
_aAnatomy, Comparative. _2fast _0(OCoLC)fst00808455 |
|
| 650 | 1 | 7 |
_aAnatomie. _2gtt |
| 655 | 2 | _aPeriodical | |
| 655 | 7 |
_aPeriodicals. _2fast _0(OCoLC)fst01411641 |
|
| 710 | 2 |
_aAnatomische Gesellschaft, _eissuing body. _1https://id.oclc.org/worldcat/entity/E39QH7JmqHdDwWb63yHdRBv7B6 |
|
| 776 | 0 | 8 |
_iOnline version: _tAnnals of anatomy _x1618-0402 _w(OCoLC)58796533 _w(OCoLC)58796533 |
| 780 | 0 | 0 |
_tAnatomischer Anzeiger _x0003-2786 _w(OCoLC)1481090 _w(OCoLC)1481090 |
| 859 | 4 | 1 | _uhttp://www.journals.elsevier.com/annals-of-anatomy/ |
| 859 | 4 | 1 | _uhttp://www.sciencedirect.com/science/journal/09409602 |
| 906 |
_a7 _bcbc _cserials _d2 _encip _f20 _gn-oclcserc |
||
| 925 | 0 |
_aAcquire _b1 shelf copy _xpolicy default 08-02-2001 |
|
| 985 | _eeserial 200406 | ||
| 999 |
_c1520 _d1520 |
||